MARC

LEADER 00000nam0a2200000 4500
001 151037
005 20231031150349.0
035 |a (RuTPU)RU\TPU\book\163768 
090 |a 151037 
100 |a 20090117d1965 m y0rusy50 ca 
101 0 |a rus 
102 |a RU 
105 |a a z 000zy 
200 1 |a Задачи по геометрии  |f Н. Васильев, В. Гутенмахер  |g Московский государственный университет им. М. В. Ломоносова (МГУ) 
210 |a Москва  |c Изд-во Московского ун-та  |d 1965 
215 |a 61 с.  |c ил. 
610 1 |a геометрия 
610 1 |a задачи 
675 |a 513(076)  |v 3 
700 1 |a Васильев  |b Н. 
701 1 |a Гутенмахер  |b В. 
712 0 2 |a Московский государственный университет им. М. В. Ломоносова (МГУ)  |2 stltpush  |3 (RuTPU)RU\TPU\col\7 
801 1 |a RU  |b 63413507  |c 20090117  |g PSBO 
801 2 |a RU  |b 63413507  |c 20090527  |g PSBO 
942 |c BK